[Event "Maia op"]
[White "Dias, Ivo Rodrigues"]
[Black "Hares, Guilherme Monteiro"]
[Site "Maia"]
[Round "4"]
[Result "1-0"]
[Date "2024.08.26"]
[WhiteElo "2106"]
[BlackElo "1694"]
[PlyCount "53"]
[EventDate "2024.08.23"]
[EventType "swiss"]
[EventRounds "9"]
[EventCountry "POR"]
[SourceTitle "CBM 221 Extra"]
[Source "ChessBase"]
[SourceDate "2024.09.30"]
[SourceVersion "1"]
[SourceVersionDate "2024.09.30"]
[SourceQuality "1"]

1. e4 e5 2. Nf3 Nf6 3. Nxe5 d6 4. Nf3 Nxe4 5. Nc3 Nxc3 6. dxc3 Be7 7. Bf4 Nc6 8. Qd2 Be6 9. 0-0-0 Bf6 10. Kb1 Qd7 11. h4 h5 12. Ng5 Bxg5 13. hxg5 0-0-0 14. b3 Ne5 15. Be2 Qc6 16. Qd4 Kb8 17. Bxe5 dxe5 18. Qxd8+ Rxd8 19. Rxd8+ Bc8 20. Rxh5 Qxc3 21. Rhh8 a5 22. Rxc8+ Ka7 23. Rhd8 Kb6 24. Rd7 c6 25. Rcc7 Kc5 26. Rxb7 e4 27. Rb5+ 1-0